|
|
|
|
| LEADER |
00000cam a2200000 a 4500 |
| 001 |
vtls001224001 |
| 003 |
SK-MaSNL |
| 005 |
20260301154624.0 |
| 008 |
240621s1996 xo e 0000f cze |
| 015 |
|
|
|a SNBA1997/0200390
|
| 020 |
|
|
|a 8089490430
|
| 035 |
|
|
|a SNK000170301
|
| 040 |
|
|
|a SNK
|b slo
|c SNK
|e AACR2
|
| 041 |
1 |
|
|a cze
|h eng
|
| 044 |
|
|
|a xo
|c SK
|
| 072 |
|
7 |
|a 821.111(73)-3
|x Americká próza
|2 konspekt
|
| 080 |
|
|
|a 821.111(73)-31
|2 2011
|
| 080 |
|
|
|a (0:82-312.5)
|2 2011
|
| 100 |
1 |
|
|a Hamlett, Christina
|4 aut
|9 41135
|
| 240 |
1 |
0 |
|a Hunter's heart
|l Česky
|
| 245 |
1 |
0 |
|a Temná tajemství
|c Christina Hamlett ; přeložili A. Škirová, M. Přibylová
|
| 260 |
|
|
|a Martin
|b Wist
|c 1996
|
| 300 |
|
|
|a 325 s.
|c 18 cm
|
| 490 |
1 |
|
|a Love story plus
|
| 500 |
|
|
|a Údaj o prekl. prevzatý z rubu tit. strany
|
| 655 |
|
7 |
|a American novels
|2 SNKPHeng
|9 277755
|
| 655 |
|
7 |
|a americké romány
|2 SNKPH
|9 1174
|
| 655 |
|
7 |
|a ľúbostné romány
|2 SNKPH
|9 70497
|
| 655 |
|
7 |
|a Love novels
|2 SNKPHeng
|9 277756
|
| 700 |
1 |
|
|a Přibylová, Marie
|4 trl
|9 46437
|
| 700 |
1 |
|
|a Škirová, A.
|4 trl
|9 47180
|
| 830 |
|
0 |
|a Love story plus
|9 301796
|
| 852 |
|
|
|a Slovenská národná knižnica
|
| 919 |
|
|
|a 80-8949-043-0
|
| 954 |
|
|
|a beletria cudzojazyčná (svetová)
|2 lita
|
| 958 |
|
|
|a TL
|
| 958 |
|
|
|a LX
|
| 958 |
|
|
|a NS
|
| 958 |
|
|
|a CZ
|
| 958 |
|
|
|a UP
|
| 968 |
|
|
|b ENG
|
| 999 |
|
|
|c 797494
|d 799424
|
| 952 |
|
|
|t P60, <09>, [BOOK], {629}
|a SNK
|b SNK
|y NEVYP
|7 0
|o snkD 483
|i snk4297/961206
|0 0
|1 0
|4 0
|d 1996-12-04
|l 0
|r 2005-01-01 00:00:00
|w 2026-02-24
|
| 952 |
|
|
|t P60, <03>, [BOOK], {603}
|a SNK
|b SNK
|y PREZ
|7 0
|p 17A0024475
|o snkSD 68215
|i snkKSP 10568/96
|0 0
|1 0
|4 0
|d 1996-12-04
|l 0
|r 2005-01-01 00:00:00
|w 2026-02-24
|
| 952 |
|
|
|t P60, <04>, [BOOK], {605}
|a SNK
|b SNK
|y VYP
|7 0
|p 17A0024474
|o snkSD 68215 D1
|i snkKSP 10569/96
|0 0
|1 0
|4 0
|d 1996-12-04
|l 0
|r 2005-01-01 00:00:00
|w 2026-02-24
|